Statistics for People with G Initials Quiz

Click here to take the quiz!

General Stats

  • This quiz has been taken 21,158 times
    (9,751 since last reset)
  • The average score is 14 of 22

Answer Stats

Clue Person % Correct
GC"Ocean's 11"George Clooney
95%
GWThe first U.S. PresidentGeorge Washington
95%
GLCreated "Star Wars"George Lucas
92%
GKConquered most of AsiaGenghis Khan
85%
GGItalian astronomerGalileo Galilei
84%
GO"Nineteen Eighty-Four"George Orwell
84%
GFBoxer and grill salesmanGeorge Foreman
81%
GMHis brothers included
Harpo and Gummo
Groucho Marx
74%
GRAngry Scottish chefGordon Ramsay
73%
GSSinger for No DoubtGwen Stefani
71%
GA"The X-Files"Gillian Anderson
65%
GD"Thelma & Louise"Geena Davis
63%
GP"Shakespeare in Love"Gwyneth Paltrow
57%
GTPlayed Sulu on "Star Trek"George Takei
54%
GEMiami Sound Machine
singer
Gloria Estefan
48%
GBDon't misunderestimate himGeorge W. Bush
43%
GNGolfer called “The Shark”Greg Norman
42%
GHPlayed Lex Luthor in
"Superman"
Gene Hackman
42%
GVPacific Northwest explorer,
and namesake of a major city
George Vancouver
42%
GIFormer tennis player with
a powerful serve
Goran Ivanišević
26%
GJ"Good luck" guessing this
Nigerian president
Goodluck Jonathan
21%
GZSoviet WWII generalGeorgi Zhukov
17%

Score Distribution

Percentile by Number Answered

Percent of People with Each Score

Your Score History

You have not taken this quiz since the last reset